HR ANALYTICS (Record no. 213095)

MARC details
000 -LEADER
fixed length control field 00697nam a22002057a 4500
005 - DATE AND TIME OF LATEST TRANSACTION
control field 20250822113542.0
010 ## - LCCN (DPL NO)
LC control number ENG-146510
020 ## - INTERNATIONAL STANDARD BOOK NUMBER
International Standard Book Number 9789364442862
Terms of availability 750.00
035 ## - SYSTEM CONTROL NUMBER
System control number EN-130042
037 ## - SOURCE OF ACQUISITION
Source of stock number/acquisition DBAD
082 ## - DEWEY DECIMAL CLASSIFICATION NUMBER
Classification number 005.133
100 ## - MAIN ENTRY--PERSONAL NAME
Personal name Ghosh, Vinit
245 ## - TITLE STATEMENT
Title HR ANALYTICS
Statement of responsibility, etc Vinit Ghosh, Shruthi J Mayur, Satwik Upadhyay
Remainder of title Bridging Theory and pra
260 ## - PUBLICATION, DISTRIBUTION, ETC. (IMPRINT)
Place of publication, distribution, etc Chennai
Name of publisher, distributor, etc McGraw Hill Education (India) Private Limited
Date of publication, distribution, etc 2026
270 ## - ADDRESS
Address Anjana Complex no: 5/90 A, Butt Road, St.Thomas Mount
City Chennai
Postal code 600016
300 ## - PHYSICAL DESCRIPTION
Extent 331p
Dimensions 24cm(pbk)
700 ## - ADDED ENTRY--PERSONAL NAME
Personal name Shruthi J Mayur
9 (RLIN) 84236
700 ## - ADDED ENTRY--PERSONAL NAME
Personal name Satwik Upadhyay
9 (RLIN) 84237
942 ## - ADDED ENTRY ELEMENTS (KOHA)
Source of classification or shelving scheme Dewey Decimal Classification
Item type English Books
Classification part 005.133
Call number suffix GHO
Holdings
Withdrawn status Lost status Not for loan Collection code Home library Current library Date acquired Source of acquisition Cost, normal purchase price Full call number Barcode Copy number Cost, replacement price Koha item type
    Not For Loan Non-fiction D.B.Act.Division D.B.Act.Division 22/08/2025 DBAD 750.00 005.133 GHO EN-130042 1 750.00 English Books

© Delhi Public Library
Hit Counter
free hit counter